LEADER 03172nam 2200673Ia 450 001 9910785771203321 005 20230207214530.0 010 $a1-283-59970-8 010 $a9786613912152 010 $a0-7618-5124-0 035 $a(CKB)2670000000241726 035 $a(EBL)1021927 035 $a(OCoLC)855502222 035 $a(SSID)ssj0000711043 035 $a(PQKBManifestationID)12256739 035 $a(PQKBTitleCode)TC0000711043 035 $a(PQKBWorkID)10681835 035 $a(PQKB)10024805 035 $a(Au-PeEL)EBL1021927 035 $a(CaPaEBR)ebr10602209 035 $a(CaONFJC)MIL391215 035 $a(MiAaPQ)EBC1021927 035 $a(EXLCZ)992670000000241726 100 $a20100320d2010 uy 0 101 0 $aeng 135 $aur|n|---||||| 181 $ctxt 182 $cc 183 $acr 200 00$aBorderlands$b[electronic resource] $eethnographic approaches to security, power, and identity /$fedited by Hastings Donnan and Thomas M. Wilson 210 $aLanham, Md. $cUniversity Press of America$dc2010 215 $a1 online resource (159 p.) 300 $aDescription based upon print version of record. 311 $a0-7618-5123-2 320 $aIncludes bibliographical references and index. 327 $aCover; Title Page; Copyright Page; Table of Contents; Acknowledgments; Contributors; Chapter 1: Ethnography, security and the 'frontier effect' in borderlands; Chapter 2: US-Mexico border cultures and the challenge of asymmetrical interpenetration; Chapter 3: Security and ethnography on the Triple Frontier of the Southern Cone; Chapter 4: Researching the border's economic underworld: The 'fayuca hormiga' in the US-Mexico borderlands; Chapter 5: Symbols of security and contest along the Irish border; Chapter 6: Borderland tactics: Cross-border marriage in the highlands of Borneo 327 $aChapter 7: Fieldwork on the border: Ethnographic engagements in south-eastern EuropeChapter 8: Gating ecology in a gated globe: Environmental aspects of 'securing our borders'; Index 330 $aThis book examines how different kinds of security and insecurity manifest and interconnect at state borders, encompassing the personal and the political, the social and the economic, in ways that reinforce or undermine the identities of those whose lives these borders frame. 606 $aBorder security$xEnvironmental aspects$vCase studies 606 $aBorder security$xSocial aspects$vCase studies 606 $aBorderlands$vCase studies 606 $aEthnology$xResearch$vCase studies 606 $aIntercultural communication$vCase studies 607 $aMexican-American Border Region$vCase studies 615 0$aBorder security$xEnvironmental aspects 615 0$aBorder security$xSocial aspects 615 0$aBorderlands 615 0$aEthnology$xResearch 615 0$aIntercultural communication 676 $a305.8 701 $aDonnan$b Hastings$0546745 701 $aWilson$b Thomas M$0309805 801 0$bMiAaPQ 801 1$bMiAaPQ 801 2$bMiAaPQ 906 $aBOOK 912 $a9910785771203321 996 $aBorderlands$93788409 997 $aUNINA LEADER 02110nas 2200601-a 450 001 996197473703316 005 20240403174155.0 035 $a(DE-599)ZDB2245750-1 035 $a(OCoLC)60627618 035 $a(CKB)110975946727643 035 $a(CONSER)--2009268006 035 $a(EXLCZ)99110975946727643 100 $a20050614a19969999 s-- a 101 0 $aeng 135 $aurun||||||||| 181 $ctxt$2rdacontent 182 $cc$2rdamedia 183 $acr$2rdacarrier 200 00$aBerkeley journal of international law /$fBoalt Hall School of Law, University of California, Berkeley 210 1$aBerkeley, California :$cPublished in association with University of California Press,$d1996- 215 $a1 online resource (volumes) 300 $aRefereed/Peer-reviewed 311 $a1085-5718 517 1 $aBerk. j. of int'l law 531 $aINTERNATIONAL TAX AND BUSINESS LAWYER SEE 531 0 $aBerkeley j. int. law 606 $aInternational law$vPeriodicals 606 $aTaxation$xLaw and legislation$vPeriodicals 606 $aForeign trade regulation$vPeriodicals 606 $aForeign trade regulation$2fast$3(OCoLC)fst00931923 606 $aInternational law$2fast$3(OCoLC)fst00976984 606 $aTaxation$xLaw and legislation$2fast$3(OCoLC)fst01143921 606 $aInternationales Steuerrecht$2stw 606 $aInternationales Handelsrecht$2stw 606 $aWelt$2stw 608 $aLaw reviews.$2fast 608 $aPeriodicals.$2fast 608 $aLaw reviews.$2lcgft 615 0$aInternational law 615 0$aTaxation$xLaw and legislation 615 0$aForeign trade regulation 615 7$aForeign trade regulation. 615 7$aInternational law. 615 7$aTaxation$xLaw and legislation. 615 7$aInternationales Steuerrecht. 615 7$aInternationales Handelsrecht. 615 7$aWelt. 676 $a341.7/5/05 712 02$aUniversity of California, Berkeley.$bSchool of Law. 906 $aJOURNAL 912 $a996197473703316 996 $aBerkeley journal of international law$9277918 997 $aUNISA